| 000 | 00552nam a2200181Ia 4500 | ||
|---|---|---|---|
| 003 | OSt | ||
| 005 | 20260131095155.0 | ||
| 008 | 210210b1933 xxu||||| |||| 00| 0 eng d | ||
| 040 | _cAL | ||
| 041 | _aKannada | ||
| 082 | _a853/190 | ||
| 100 |
_aNARASIMHA SHASTRI BELLAVE _9161190 _dನರಸಿಂಹ ಶಾಸ್ತ್ರಿ ಬೆಳ್ಳಾವೆ |
||
| 245 |
_aKabiradasa nataka: _bಕಬೀರದಾಸ ನಾಟಕ |
||
| 260 |
_aBengaluru _bBellave Pustakalaya _c1933 |
||
| 690 |
_aKannada Drama _9161191 |
||
| 906 | _a019461 | ||
| 942 |
_2ddc _cBK |
||
| 999 |
_c143580 _d143580 |
||